00301nam a2200133Ia 4500008004100000022001200041041000800053082001200061100001700073245003800090260001400128300001800142440000700160240112s2010 xx 000 0 und d a2548860 aeng a616.305 aCHOUDHARI G. aINDIAN JOURNAL OF GASTROENTROLOGY bIJGc2010 a250 HBc41791 v29